Statistics for My Quizzes!

Click here to take the quiz!

General Stats

  • This quiz has been taken 6 times
  • The average score is 18 of 61

Answer Stats

# of TakesCountry% Correct
61Countries with the most Islands
100%
5815 largest landlocked countries
50%
20Countries of Europe... But Backwards!
50%
48Countries of the world by Currency
50%
59Countries of the world by last two letters in two Minutes
50%
39Countries with 5 or more syllables
50%
52Countries with one Syllable
50%
20Countries word scramble #2
50%
14Country word scramble quiz #1
50%
29Landlocked Countries
50%
18Landlocked Countries with Exceptions
50%
17Smallest countries in the world with exceptions
50%
3States of Afghanistan
50%
0States of Albania
50%
3States of Algeria
50%
3States of Antigua and Barbuda
50%
0States of Argentina
50%
1States of Armenia
50%
3States of Australia
50%
5States of Austria
50%
3States of Azerbaijan
50%
5States of Bahrain
50%
2States of Bangladesh
50%
9States of Canada
50%
5States of D.R.C
50%
17States of Ethiopia
50%
5States of Kenya
50%
1States of Niger
50%
6States of Nigeria
50%
8States of Sierra Leone
50%
5States of Somalia
50%
10States of South Africa
50%
3States of Tanzania
50%
6States of The Bahamas
50%
5States of Uganda
50%
2820 Countries with the Highest Suicide Rate
0%
2020 Countries with the Lowest Homicide Rates
0%
3620 Least Densely Populated Countries
0%
3420 Most populated U.S states
0%
2820 Poorest Countries
0%
4720 Richest countries
0%
33Continental Geography Decoder - Extreme
0%
15Countries with a coastline
0%
29Countries with red on their flag
0%
18Countries with the Highest Population Growth Rate
0%
19Countries with the Most Military Troops
0%
30Country Chain Quiz
0%
17First Five Capitals Alphabetically by Continent
0%
3Most Common Minecraft Deaths
0%
22Overseas Territories
0%
21Second to Last Countries
0%
5Signature Takedowns in Burnout Revenge
0%
1States of Andorra
0%
1States of Angola
0%
4States of Egypt
0%
3States of Kazakhstan
0%
2States of Morocco
0%
4States of Togo
0%
3States of Uzbekistan
0%
29Super Fast Typing A-Z 2x
0%
17The shortest Borders in the world
0%

Score Distribution

Percentile by Number Answered

Percent of People with Each Score

Your Score History

You have not taken this quiz